[Event "2nd ch-SCG"]
[Site "Pancevo SCG"]
[Date "2006.03.03"]
[Round "5"]
[White "Krivokapic,M"]
[Black "Antic,De"]
[Result "1-0"]
[WhiteElo "2352"]
[BlackElo "2505"]

1.e4 c5 2.Nf3 e6 3.d4 cxd4 4.Nxd4 a6 5.Nc3 Qc7 6.Bd3 Nf6 7.O-O Nc6 8.Nxc6 bxc6
9.Qe2 d5 10.Bg5 Bb7 11.f4 Be7 12.e5 Ng8 13.Na4 c5 14.c4 d4 15.Be4 Bxe4 16.Qxe4 Rd8
17.Qf3 h6 18.Bxe7 Nxe7 19.Qa3 Rc8 20.Rac1 O-O 21.b4 cxb4 22.Qxb4 Nf5 23.Nb2 Rfd8
24.Nd3 Ne3 25.Rf2 Qc6 26.c5 Qe4 27.Qd2 Rb8 28.h3 Rb5 29.Kh2 Rdb8 30.c6 Rc8
31.Nc5 Qd5 32.Nb3 Nf5 33.g4 Nh4 34.Nxd4 Rc5 35.Rxc5 Qxc5 36.Kg3 Ng6 37.Qe3 Ne7
38.Rc2 Qb6 39.Qc3 Qb1 40.Kg2 Nd5 41.Qf3 Qb4 42.Qe4 Rd8 43.Kf3 Qb1 44.Kf2 Nc7
45.Nf3 Rd1 46.Qe2 Qb6+ 47.Kg3 Rd8 48.Qf2 Qb1 49.Rd2 Nd5 50.Qc5 Rc8 51.f5 Qe4
52.Rd4 Qe2 53.fxe6 fxe6 54.Qd6 Re8 55.Qd7 Kf8 56.c7 Qc2 57.Rxd5 exd5 58.e6  1-0

[Event "Breizh Masters Women"]
[Site "Guingamp FRA"]
[Date "2006.03.04"]
[Round "9"]
[White "Choisy,M"]
[Black "Chulivska,V"]
[Result "1/2-1/2"]
[WhiteElo "2152"]
[BlackElo "2279"]

1.e4 c5 2.Nf3 e6 3.d4 cxd4 4.Nxd4 a6 5.Nc3 Qc7 6.Be3 Nc6 7.Qd2 Nf6 8.f3 Be7
9.g4 d6 10.O-O-O O-O 11.g5 Nd7 12.h4 Nxd4 13.Bxd4 b5 14.Kb1 b4 15.Na4 Bb7
16.b3 d5 17.g6 fxg6 18.Bh3 e5 19.Bxd7 exd4 20.Be6+ Kh8 21.h5 g5 22.h6 Qe5
23.hxg7+ Kxg7 24.exd5 Rxf3 25.Nb6 Rd8 26.Rc1 Re3 27.Rcf1 Bf6 28.Nc4 Re2 29.Qd3 Qe4
30.Bf5 Qxd3 31.Rxh7+ Kg8 32.Bxd3 Re7 33.Rxf6 Rxh7 34.Bxh7+ Kxh7 35.Rf7+ Kg6
36.Rxb7 Rxd5 37.Kc1 g4 38.Kd2 g3 39.Ke2 Rf5 40.Rb8 Kh7 41.Rb7+ Kg6  1/2-1/2

[Event "FSGM March"]
[Site "Budapest HUN"]
[Date "2006.03.05"]
[Round "2"]
[White "Vajda,L"]
[Black "Fogarasi,T"]
[Result "1/2-1/2"]
[WhiteElo "2526"]
[BlackElo "2481"]

1.e4 c5 2.Nf3 e6 3.d4 cxd4 4.Nxd4 a6 5.Nc3 b5 6.Bd3 Qb6 7.Nb3 Qc7 8.Qe2 Bb7
9.O-O Nf6 10.e5 b4  1/2-1/2

[Event "ch-BLR"]
[Site "Minsk BLR"]
[Date "2006.03.05"]
[Round "2"]
[White "Zhigalko,A"]
[Black "Kovalev,An"]
[Result "1-0"]
[WhiteElo "2505"]
[BlackElo "2538"]

1.e4 c5 2.Nf3 e6 3.d4 cxd4 4.Nxd4 a6 5.Nc3 Qc7 6.Bd3 Nf6 7.O-O Nc6 8.Nxc6 dxc6
9.f4 e5 10.Kh1 Be7 11.fxe5 Qxe5 12.Bf4 Qh5 13.Be2 Bg4 14.Bxg4 Qxg4 15.Qxg4 Nxg4
16.e5 g5 17.Bg3 h5 18.Ne4 h4 19.Be1 Rd8 20.Bc3 h3 21.Rae1 hxg2+ 22.Kxg2 Rxh2+
23.Kg3 Rh4 24.Nf6+ Bxf6 25.exf6+ Kd7 26.Rf5 Nh6 27.Rxg5 Rc4 28.Rd1+ Kc8 29.Rh1 Ng8
30.Kf3 Rxc3+ 31.bxc3 Nxf6 32.Rg7 Nd7 33.Kf4 Rf8 34.Rhg1 Kc7 35.Rg8 Rxg8 36.Rxg8 Nf6
37.Rf8 Nd5+ 38.Ke5 Nxc3 39.Rxf7+ Kb6 40.a3 a5 41.Rf3 Na4 42.Kd6 Nc5 43.Rf4 Na6
44.Rf1 Nc7 45.c4 Na6 46.Rf5 Nb8 47.Rf1 Na6 48.Rh1 Ka7 49.Rg1 Kb6 50.Rg5 Nb8
51.Ke7 Na6 52.Kd8 Nc5 53.Kc8 Ne4 54.Rg4 Nc5 55.Rg7 Ka6 56.Rh7 Kb6 57.Re7 a4
58.Rh7 Ka6 59.Kc7 Nb3 60.Rh8 Ka7 61.Re8 Nc5 62.Re5 Na6+ 63.Kd6 Kb6 64.Rh5 Nb8
65.Rh4 Na6 66.c5+ Kb5 67.Rg4 Ka5 68.Rg7 b5 69.Ra7 b4 70.axb4+ Kb5 71.Rb7+ Kc4
72.b5 cxb5 73.c6 Nc5 74.Ra7 Ne4+ 75.Ke5 Nc5 76.c7 Nd7+ 77.Kd6 Nb6 78.Ra6  1-0

[Event "XXII Open"]
[Site "Reykjavik ISL"]
[Date "2006.03.08"]
[Round "3"]
[White "Sutovsky,E"]
[Black "Kveinys,A"]
[Result "0-1"]
[WhiteElo "2624"]
[BlackElo "2517"]

1.e4 c5 2.Nf3 e6 3.Nc3 a6 4.d4 cxd4 5.Nxd4 Qc7 6.Bd3 Nf6 7.Qe2 d6 8.f4 g6
9.O-O Bg7 10.e5 dxe5 11.fxe5 Nfd7 12.Rxf7 Kxf7 13.Nxe6 Qxe5 14.Qf2+ Bf6 15.Bc4 Nc6
16.Nc7+ Kg7 17.Ne6+ Kf7 18.Nc7+ Kg7 19.Bf4 Qxc7 20.Bxc7 Bd4 21.Qxd4+ Nxd4
22.Ne4 Nc6 23.Bd5 Nde5 24.Nd6 Bf5 25.Re1 Bxc2 26.Nxb7 Rae8 27.Nc5 Bf5 28.Rd1 Rc8
29.Nxa6 Rhe8 30.b4 Bd3 31.Bxc6 Bxa6 32.Bxe8 Rxc7 33.a4 Kf8 34.Rd8 Ke7 35.Rb8 Nd3
36.h4 Nxb4 37.Bxg6 hxg6 38.Rxb4 Bc4 39.Rb6 Be6 40.a5 Rc4 41.g3 Ra4 42.Rb5 Bd7
43.Rc5 Bg4 44.Rc6 Kf7 45.a6 Kg7 46.Rc7+ Kh6 47.a7 Ra2 48.Rf7 Bf5 49.Kf1 Kh5
50.Ke1 Kg4 51.Rg7 Kf3 52.Rf7 Ke3 53.Kf1 Ra1+ 54.Kg2 Be4+ 55.Kh3 Bf3 56.g4 Kf2  0-1

[Event "ch-USA GpA"]
[Site "San Diego USA"]
[Date "2006.03.09"]
[Round "7"]
[White "Stein,Alan"]
[Black "Goletiani,R"]
[Result "1/2-1/2"]
[WhiteElo "2415"]
[BlackElo "2378"]

1.e4 c5 2.Nf3 e6 3.d4 cxd4 4.Nxd4 a6 5.Nc3 Qc7 6.Bd3 Bd6 7.Qd2 Be7 8.O-O Nc6
9.Nxc6 dxc6 10.b3 Nf6 11.Bb2 e5 12.Nd1 Be6 13.Ne3 O-O-O 14.Qe2 h5 15.Bc4 Bxc4
16.Nxc4 Nd7 17.Bc3 Bc5 18.Rad1 f6 19.Rd2 b6 20.Rfd1 Kb7 21.b4 Be7 22.Nd6+ Bxd6
23.Rxd6 Nb8 24.Rxd8 Rxd8 25.Qxh5 Rxd1+ 26.Qxd1 Qf7 27.a4 Qc4 28.Qd3 Qa2 29.h4 Qxa4
30.h5 Qa2 31.Bd2 Qf7 32.Qg3 Nd7 33.c4 Qxh5 34.Qd3 Qf7 35.Qd6 Nb8 36.Be3 Qd7
37.Qf8 Kc7 38.Bxb6+ Kb7 39.f3 Qd2 40.Bf2 Qc1+ 41.Kh2 Qh6+ 42.Kg1 Qc1+ 43.Kh2  1/2-1/2

[Event "ch-USA GpA"]
[Site "San Diego USA"]
[Date "2006.03.09"]
[Round "7"]
[White "Ross,L"]
[Black "Epstein,E"]
[Result "1-0"]
[WhiteElo "2141"]
[BlackElo "2178"]

1.e4 c5 2.Nf3 e6 3.d4 cxd4 4.Nxd4 a6 5.Nc3 Qc7 6.g3 Nf6 7.Bg2 Be7 8.O-O O-O
9.a4 Nc6 10.Be3 Ne5 11.h3 Nc4 12.Bc1 Bb4 13.Nde2 Rd8 14.b3 Ne5 15.Bb2 d5
16.exd5 exd5 17.Na2 Bc5 18.Nd4 h5 19.Nf3 d4 20.Nxe5 Qxe5 21.Kh1 h4 22.f4 Qc7
23.gxh4 Bf5 24.Nc1 Ne4 25.Bxe4 Bxe4+ 26.Kh2 Bd6 27.Nd3 Rac8 28.Rf2 Bxd3 29.Qxd3 Bxf4+
30.Kh1 Qc6+ 31.Rg2 Be3 32.Rf1 Rd5 33.Qe4 Re8 34.Qg4 Qh6 35.Rg3 Re6 36.Rgf3 Rd7
37.Rf5 Rg6 38.Qe4 Re6 39.Qf3 Ree7 40.Ba3 g6 41.Rf6 Qh5 42.Qxh5 gxh5 43.Bxe7 Rxe7
44.Re1 Kg7 45.Rd6 Rc7 46.Re2 f5 47.Kg2 Kf7 48.Kf3 Rc3 49.Rd7+ Kf6 50.Rxb7 Bg5+
51.Kg2 Bxh4 52.Rb6+ Kg5 53.Rd6 Rg3+ 54.Kh2 Re3 55.Rg2+ Kf4 56.Rxd4+ Re4 57.Rgd2 Be1
58.R2d3 Bf2 59.Rc4 h4 60.Kg2 Be3 61.Rc6 Ke5 62.Rxa6 Bg5 63.Ra5+ Ke6 64.Rf3  1-0

[Event "ch-EST w"]
[Site "Tallinn EST"]
[Date "2006.03.09"]
[Round "8"]
[White "Fomina,T"]
[Black "Gansvind,V"]
[Result "1/2-1/2"]
[WhiteElo "2196"]
[BlackElo "2247"]

1.e4 c5 2.Nf3 e6 3.Nc3 a6 4.d4 cxd4 5.Nxd4 Qc7 6.g3 Nf6 7.Bg2 d6 8.O-O Be7
9.Be3 Nbd7 10.f4 Nb6 11.Kh1 Nc4 12.Bc1 Bd7 13.b3 Ne3 14.Bxe3 Qxc3 15.Bg1 h5
16.Rf3 Qc7 17.Rd3 g6 18.c4 e5 19.Ne2 h4 20.Qf1 Bc6 21.Nc3 hxg3 22.fxe5 gxh2
23.Bxh2 Ng4 24.Bh3 Nxe5 25.Bxe5 dxe5 26.Rad1 Rd8 27.Kg2 Rh4 28.Qf3 Rf4 29.Qe2 Rxd3
30.Rxd3 Bh4 31.Rf3 Rxf3 32.Qxf3 Qe7 33.Nd5 Qg5+ 34.Qg4 Qxg4+ 35.Bxg4 Bxd5
36.cxd5 b6 37.Bc8 a5 38.Kf3 Be7 39.Bh3 Bc5 40.Bf1 Ke7 41.Bb5 Bb4  1/2-1/2

[Event "2nd Bundesliga West 2005-6"]
[Site "Austria AUT"]
[Date "2006.03.19"]
[Round "11"]
[White "Karrer,G"]
[Black "Muehlbacher,B"]
[Result "0-1"]
[WhiteElo "1966"]
[BlackElo "2116"]

1.e4 c5 2.Nf3 e6 3.d4 cxd4 4.Nxd4 a6 5.Nc3 Qc7 6.Bd3 b5 7.O-O Bb7 8.a3 Nf6
9.Be3 d6 10.f4 Nbd7 11.Nb3 Be7 12.Rc1 Rd8 13.h4 h5 14.Qe1 Ng4 15.Bd4 e5 16.fxe5 dxe5
17.Bf2 Ndf6 18.Nd1 O-O 19.Qc3 Qb8 20.Qe1 Rc8 21.Ne3 g6 22.Nxg4 Nxg4 23.g3 Qa8
24.Bb6 Rc6 25.Bf2 Rf6 26.Bc5 Rxf1+ 27.Kxf1 Qd8 28.Bxe7 Qxe7 29.Kg1 Qf6 30.Qe2 Qb6+
31.Kh1 f5 32.Rf1 fxe4 33.Rxf8+ Kxf8 34.Qf1+ Kg7 35.Be2 e3+ 36.Kg1 Qc6  0-1

[Event "Victor Ciocaltea Mem"]
[Site "Bucharest ROM"]
[Date "2006.03.19"]
[Round "12"]
[White "Golubev,M"]
[Black "Chirila,I"]
[Result "1-0"]
[WhiteElo "2499"]
[BlackElo "2339"]

1.e4 c5 2.Nf3 e6 3.Nc3 a6 4.d4 cxd4 5.Nxd4 Qc7 6.Bd3 Nf6 7.O-O Be7 8.Kh1 d6
9.f4 O-O 10.a4 b6 11.Qe2 Nbd7 12.e5 Ne8 13.exd6 Bxd6 14.f5 e5 15.Nd5 Qb8
16.Nc6 Qb7 17.Nce7+ Kh8 18.Nxc8 Qxc8 19.f6 g6 20.Bh6 Rg8 21.Ne7 Bxe7 22.fxe7 f5
23.Bc4 Qc5 24.Rad1 Ndf6 25.Bxg8 Kxg8 26.Bg5 Kf7 27.Bxf6 Nxf6 28.Rd8  1-0

[Event "Pius Brinzeu Mem"]
[Site "Timisoara ROM"]
[Date "2006.03.19"]
[Round "2"]
[White "Bonte,An"]
[Black "Cabrilo,G"]
[Result "0-1"]
[WhiteElo "2184"]
[BlackElo "2458"]

1.e4 c5 2.Nf3 e6 3.d4 cxd4 4.Nxd4 a6 5.Nc3 Qc7 6.Be2 Nf6 7.Be3 Bb4 8.Bd2 Bxc3
9.Bxc3 Nxe4 10.Bb4 Qb6 11.Ba3 Nc6 12.c3 Nxd4 13.cxd4 Qa5+ 14.Kf1 b5 15.Bd3 Bb7
16.h4 Nf6 17.Bc5 Qd8 18.a4 d6 19.Bb4 O-O 20.Rh3 Qd7 21.Rg3 Be4 22.Be2 Nd5
23.Bd2 Rac8 24.axb5 axb5 25.h5 f5 26.f3 Bc2 27.Qe1 f4 28.Rh3 Bf5 29.Rh4 Rc2
30.Bxf4 Rxb2 31.Bc1 Rc2 32.g4 Nc3 33.Bd2 Be4 34.Bxc3 Bxf3 35.Bd2 Bxe2+ 36.Kxe2 Qc6
37.Qg3 Qc4+ 38.Qd3 Rf2+ 39.Kxf2 Qxd3 40.Ra8+ Kf7 41.Ra7+ Ke8 42.Ra8+ Kd7
43.Ra7+ Kc8  0-1

[Event "Sozina Open"]
[Site "Bar SCG"]
[Date "2006.03.20"]
[Round "3"]
[White "Jakic,V"]
[Black "Brajovic,R"]
[Result "0-1"]
[WhiteElo "2100"]
[BlackElo "2274"]

1.e4 c5 2.Nf3 e6 3.d4 cxd4 4.Nxd4 a6 5.Nc3 b5 6.Bd3 Bb7 7.O-O d6 8.f4 Nd7
9.Kh1 Ngf6 10.Qe2 Qc7 11.Nb3 Be7 12.a4 b4 13.Nd1 O-O 14.Nf2 e5 15.fxe5 dxe5
16.Bg5 Nc5 17.Bxf6 Bxf6 18.Nxc5 Qxc5 19.Ng4 Be7 20.Bc4 Qd4 21.Rf5 Bc8 22.Rxf7 Rxf7
23.Rf1 Bxg4 24.Bxf7+ Kh8 25.Qxg4 Rf8 26.Qe6 Bc5 27.Qc4 a5 28.b3 Qe3 29.g3 g6
30.Kg2 Kg7 31.Rf3 Qd2+ 32.Kh3 Bg1  0-1

[Event "Torre ENTEL PCS"]
[Site "Santiago CHI"]
[Date "2006.03.22"]
[Round "1"]
[White "Felgaer,R"]
[Black "Hellsten,J"]
[Result "1/2-1/2"]
[WhiteElo "2607"]
[BlackElo "2574"]

1.e4 c5 2.Nf3 e6 3.d4 cxd4 4.Nxd4 a6 5.Nc3 Qc7 6.Bd3 Nf6 7.O-O d6 8.Kh1 Nbd7
9.f4 Nc5 10.Qe1 Be7 11.e5 Nfd7 12.Nf3 Nxd3 13.cxd3 O-O 14.d4 Nb6 15.Be3 Bd7
16.Rc1 Qd8 17.Qg3 Nd5 18.Bd2 Nxc3 19.Rxc3 f5 20.d5 Bb5 21.Rfc1 dxe5 22.Rc7 exf4
23.Bxf4 Bf6 24.dxe6 Re8 25.Nh4 Qd3 26.Nf3  1/2-1/2

[Event "ch-LTU"]
[Site "Vilnius LTU"]
[Date "2006.03.22"]
[Round "6"]
[White "Malisauskas,V"]
[Black "Dambrauskas,V"]
[Result "1-0"]
[WhiteElo "2503"]
[BlackElo "2361"]

1.e4 c5 2.Nf3 e6 3.d4 cxd4 4.Nxd4 a6 5.Nc3 Qc7 6.g3 Nc6 7.Bg2 Nf6 8.Nb3 d6
9.O-O Be7 10.f4 b5 11.Be3 Bb7 12.a3 Na5 13.Nxa5 Qxa5 14.e5 Bxg2 15.Kxg2 Nd7
16.exd6 Bf6 17.f5 O-O 18.fxe6 fxe6 19.Qg4 Bxc3 20.Qxe6+ Kh8 21.Qxd7 Bxb2
22.Rxf8+ Rxf8 23.Rf1 Rg8 24.Qe6 Bxa3 25.d7 Qc7 26.Bb6 Qxc2+ 27.Rf2 Qd1 28.Qxg8+  1-0

[Event "Open"]
[Site "Bad Woerishofen GER"]
[Date "2006.03.23"]
[Round "7"]
[White "Starostits,I"]
[Black "Friedrich,N"]
[Result "1-0"]
[WhiteElo "2493"]
[BlackElo "2304"]

1.e4 c5 2.Nc3 e6 3.Nf3 a6 4.d4 cxd4 5.Nxd4 Qc7 6.Bd3 Nf6 7.Qe2 d6 8.g4 h6
9.Rg1 Nc6 10.Be3 g5 11.O-O-O Be7 12.h4 Rg8 13.hxg5 hxg5 14.f3 Bd7 15.Rh1 O-O-O
16.Kb1 Be8 17.Bc4 Nxd4 18.Rxd4 Bc6 19.Rhd1 Nd7 20.a4 Ne5 21.Bb3 Rh8 22.Rb4 Rdg8
23.Bb6 Qd7 24.Nb5 axb5 25.axb5 Bxb5 26.Rxb5 Qc6 27.Rb4 Kb8 28.Ba4 Qc8 29.Qb5 Nc6
30.Rc4 Rh3 31.Qb3 Rgh8 32.Bxc6 bxc6 33.Bd8+  1-0

[Event "Open"]
[Site "Bad Woerishofen GER"]
[Date "2006.03.23"]
[Round "7"]
[White "Klein,Ma"]
[Black "Perman,T"]
[Result "1/2-1/2"]
[WhiteElo "2245"]
[BlackElo "2110"]

1.e4 c5 2.Nf3 e6 3.d4 cxd4 4.Nxd4 a6 5.Nc3 Qc7 6.Bd3 Nf6 7.Be3 b5 8.O-O Bb7
9.Nb3 d6 10.a3 Be7 11.f4 Nbd7 12.Qe2 O-O 13.Nd4 Rfe8 14.Kh1 Bf8 15.Rae1 Rac8
16.Bg1 e5 17.fxe5 Nxe5 18.Qd2 d5 19.exd5 Nxd3 20.Qxd3  1/2-1/2

[Event "ch-ARG s/f"]
[Site "Buenos Aires ARG"]
[Date "2006.03.23"]
[Round "3"]
[White "Alonso,S"]
[Black "Goldwaser,C"]
[Result "1/2-1/2"]
[WhiteElo "2460"]
[BlackElo "2257"]

1.e4 c5 2.Nf3 e6 3.d4 cxd4 4.Nxd4 a6 5.Nc3 b5 6.Bd3 Qb6 7.Nf3 Qc7 8.O-O Bb7
9.Re1 Be7 10.Bd2 b4 11.Ne2 Nf6 12.Ng3 Nc6 13.e5 Ng4 14.Bf4 f6 15.exf6 Qxf4
16.fxe7 Nce5 17.Be4 Nxf3+ 18.gxf3 d5 19.fxg4 dxe4 20.Qd4 Qxg4 21.Qxb4 Bd5
22.c4 Bc6 23.Rad1 Kf7 24.Qc5 Rac8 25.Rd8 Re8 26.Rxe8 Kxe8 27.Qh5+ Qxh5 28.Nxh5 Kxe7
29.Ng3 Rd8 30.Nf1 Rd3 31.Rc1 Kd6 32.Ne3 Ke5 33.Rc2 Ba4 34.b3 Bc6 35.Kg2 a5
36.h4 Kd4 37.Kg3 e5 38.Kg4 Bd7+ 39.Kg3 Be6 40.Kg2 h6 41.Kf1 g5 42.hxg5 hxg5
43.Ke2 Kc5 44.Rc1 Kd4 45.c5 Rc3 46.Rxc3 Kxc3 47.c6 Kd4 48.c7 Kc5 49.Nc4 a4
50.Ke3 axb3 51.axb3 Kc6 52.Kxe4 Kxc7 53.Kxe5 Bg4 54.Kd5 Be2 55.b4 g4 56.Kc5 Kd7
57.b5 Kc7 58.Nd6 Bf3 59.Nf5 Kb7 60.Nd4 Bg2 61.Nc6 Bf3 62.Na5+ Kc7 63.Nc4 Kb7
64.Kb4 Be2 65.Kc5 Bf3 66.Nd6+ Kc7 67.Nf7 Kb7 68.b6 Kc8 69.Nd6+ Kd7 70.Nc4 Kc8
71.Ne5 Bd1 72.Kb4 Kb7 73.Ka5 Be2 74.Nd7 Kc8 75.Nc5 Kb8 76.Kb4 Bf3 77.Ne6 Kc8
78.Kc5 Kb7 79.Nd8+ Kc8 80.Nf7 Kb7 81.Nd6+ Kb8 82.Kd4 Bd1 83.Ke5 Ka8 84.Kd5 Kb8
85.Kc6 Bf3+ 86.Kd7 Bd5 87.Ke7 Bf3 88.Kf6 Bd1 89.Kg5 Ka8 90.Kh4 Kb8 91.Kg3 Ka8
92.Kf4 Kb8 93.Ke3 Ka8 94.Kd2 Bf3 95.Kc3 Kb8 96.Kd4 Bd1 97.Kc5 Be2 98.Nf7 Bd1
99.Ne5 Kb7 100.Nc4 Bf3 101.Na5+ Kb8 102.Nb3 Kb7 103.Kb5 Be2+ 104.Ka5 Bf1
105.Nc5+ Kb8 106.Kb4 Be2 107.Kc3 Bf3 108.Kd4 Bd1 109.Ke5 Ka8 110.Kd6 Kb8
111.Kd5 Bf3+ 112.Ke5 Bd1 113.Kf4 Kc8 114.Kg5 Kb8 115.Kf4 Kc8 116.Ke5 Kb8
117.Kd6 Bf3 118.b7 Bg2 119.Ke6 Kc7 120.Ke5 Bf3 121.Kf4 Bd1 122.Ke3  1/2-1/2

[Event "TCh-AUT 2005-6"]
[Site "Austria AUT"]
[Date "2006.03.25"]
[Round "10"]
[White "Baklan,V"]
[Black "Shchekachev,A"]
[Result "1/2-1/2"]
[WhiteElo "2601"]
[BlackElo "2570"]

1.e4 c5 2.Nf3 e6 3.Nc3 a6 4.d4 cxd4 5.Nxd4 d6 6.Bd3 Nf6 7.f4 Nbd7 8.Qf3 g6
9.O-O Bg7 10.Kh1 O-O 11.a4 e5 12.Nde2 exf4 13.Nxf4 Ne5 14.Qg3 Be6  1/2-1/2

[Event "ch-ARG s/f"]
[Site "Buenos Aires ARG"]
[Date "2006.03.25"]
[Round "6"]
[White "Orsini,A"]
[Black "Giardelli,S"]
[Result "1-0"]
[WhiteElo "2257"]
[BlackElo "2418"]

1.e4 c5 2.Nf3 e6 3.d4 cxd4 4.Nxd4 a6 5.Nc3 Qc7 6.Bd3 Nf6 7.Qe2 d6 8.f4 Nc6
9.Nxc6 bxc6 10.e5 Nd5 11.Nxd5 cxd5 12.O-O g6 13.b3 Bg7 14.Bb2 Qb6+ 15.Kh1 O-O
16.Ba3 Rd8 17.Rad1 dxe5 18.fxe5 Rd7 19.Bc1 Bb7 20.Bg5 d4 21.Rf4 Qc7 22.Re1 Rd5
23.Bf6 Bxf6 24.Rxf6 Rad8 25.h4 Kg7 26.Qf2 R8d7 27.Qf4 Rc5 28.Re2 Rdd5 29.Rf2 Rd7
30.Rxe6 Qd8 31.Rd6 Ra5 32.Rf6 Qe8 33.Bc4 Re7 34.h5 Qd7 35.h6+ Kg8 36.e6 Rxe6
37.Rxe6  1-0

[Event "ch-ARG s/f"]
[Site "Buenos Aires ARG"]
[Date "2006.03.25"]
[Round "6"]
[White "Tenti,J"]
[Black "Lopez,Di"]
[Result "1/2-1/2"]
[WhiteElo "2152"]
[BlackElo "2120"]

1.e4 c5 2.Nf3 e6 3.d4 cxd4 4.Nxd4 a6 5.Nc3 Qc7 6.Bd3 Nc6 7.Be3 Nf6 8.O-O b5
9.Nxc6 dxc6 10.f4 Be7 11.Qf3 e5 12.Kh1 h5 13.fxe5 Qxe5 14.Bf4 Qe6 15.Rae1 Qg4
16.Qf2 h4 17.h3 Qh5 18.e5 Nd5 19.Ne4 O-O 20.c4 bxc4 21.Bxc4 Be6 22.Bd3 a5
23.Bb1 a4 24.Qc2 c5 25.Bg5 Nb4 26.Qc1 Bxg5 27.Nxg5 Bxa2 28.Bh7+ Kh8 29.Be4 Rac8
30.Rf5 Qh6 31.Qd1 g6 32.Qc1 Kg8 33.Rf6 Rce8 34.Nf3 Qxc1 35.Rxc1 Nd5 36.Ra6 Nf4
37.Rxc5 Bb3 38.Ra7 Ne2  1/2-1/2

[Event "TCh-CZE Extraliga 2005-6"]
[Site "Czech Rep CZE"]
[Date "2006.03.25"]
[Round "10"]
[White "Zeleny,T"]
[Black "Chloupek,S"]
[Result "1-0"]
[WhiteElo "2244"]
[BlackElo "2319"]

1.e4 c5 2.Nf3 e6 3.Nc3 a6 4.d4 cxd4 5.Nxd4 Nc6 6.Nxc6 bxc6 7.Bd3 d5 8.O-O Nf6
9.e5 Nd7 10.Re1 Rb8 11.Qg4 g6 12.b3 Bb4 13.Bd2 Qa5 14.a3 Bxc3 15.b4 Bxb4
16.Bxb4 Qa4 17.Qd4 c5 18.Bxc5 Qxd4 19.Bxd4 O-O 20.Rab1 Rxb1 21.Rxb1 f6 22.f4 g5
23.g3 gxf4 24.gxf4 f5 25.Kf2 Kf7 26.Rb4 Rg8 27.Ba7 Rg4 28.Be2 Rg8 29.Rb3 Ke7
30.Rh3 Rg7 31.Rc3 Rg8 32.Rc6 Bb7 33.Rc7 Bc8 34.Bc5+ Kd8 35.Bd6 Rg6 36.Ra7 Rh6
37.Kg3 Rg6+ 38.Kf3 Rh6 39.Bxa6 Bxa6 40.Rxa6 Rh3+ 41.Kg2 Rc3  1-0

[Event "TCh-CZE Extraliga 2005-6"]
[Site "Czech Rep CZE"]
[Date "2006.03.25"]
[Round "10"]
[White "Hausner,I"]
[Black "Hracek,Z"]
[Result "0-1"]
[WhiteElo "2416"]
[BlackElo "2595"]

1.e4 c5 2.Nf3 e6 3.d4 cxd4 4.Nxd4 a6 5.Nc3 Qc7 6.Be3 b5 7.Bd3 Bb7 8.O-O Nf6
9.Re1 Be7 10.Qf3 O-O 11.Qh3 d6 12.g4 g6 13.Bh6 Nbd7 14.Bxf8 Nxf8 15.Rad1 b4
16.Nb1 e5 17.g5 Nh5 18.Nf5 Bxg5 19.Nd2 Ne6 20.Nf3 Kh8 21.Ne3 Nef4 22.Qf1 Bh6
23.Nh4 Bc8 24.Kh1 Bh3 25.Qg1 Qe7 26.Nhg2 Qf6 27.Bf1 Bxg2+ 28.Bxg2 Bf8 29.Bf1 a5
30.Qg4 Ng7 31.Bc4 Rd8 32.Rd2 Qe7 33.Qf3 Qc7 34.b3 Ngh5 35.Red1 Nf6 36.Ng4 Nxg4
37.Qxg4 Kg7 38.Qf3 Be7 39.c3 h5 40.cxb4 axb4 41.Rc2 Qa5 42.Bd5 Rd7 43.Bc6 Rc7
44.Qe3 Ne6 45.Qc1 Nd4 46.Rxd4 exd4 47.Bd5 Rc3 48.Qf4 Bf6 49.Re2 Qc7 50.Kg2 Qe7
51.Qd2 d3 52.Re1 Bg5  0-1

[Event "TCh-NED 2005-6"]
[Site "Netherlands NED"]
[Date "2006.03.25"]
[Round "8"]
[White "Wiersma,E"]
[Black "Bosch,Je"]
[Result "0-1"]
[WhiteElo "2409"]
[BlackElo "2465"]

1.e4 c5 2.Nf3 e6 3.Nc3 a6 4.d4 cxd4 5.Nxd4 Qc7 6.Bd3 Bc5 7.Nb3 Be7 8.Qg4 g6
9.Qg3 d6 10.O-O Nd7 11.f4 Ngf6 12.Bd2 b6 13.Rae1 Bb7 14.a4 O-O-O 15.a5 b5
16.Kh1 Kb8 17.Qf2 Nc5 18.Nxc5 dxc5 19.e5 Ng4 20.Qe2 Nh6 21.Be4 Nf5 22.Bxb7 Qxb7
23.Ne4 Rd7 24.Nf6 Bxf6 25.exf6 Ka8 26.Be3 Rhd8 27.Qf2 Qc6 28.Re2 Rd1 29.Rfe1 c4
30.Bb6 R8d7 31.Kg1 h5 32.Re5 Kb7 33.Qf1 R1d5 34.Qf2 Rd2 35.R1e2 R2d5 36.b3 c3
37.Qf3 Rd2 38.Qxc6+ Kxc6 39.g3 R7d5 40.Kf2 Nh6 41.h3 Ng8 42.g4 hxg4 43.hxg4 Nxf6
44.Kf3 Rxe2 45.Rxe2 Rd2  0-1

[Event "Pius Brinzeu Mem"]
[Site "Timisoara ROM"]
[Date "2006.03.25"]
[Round "8"]
[White "Berescu,A"]
[Black "Cabrilo,G"]
[Result "1/2-1/2"]
[WhiteElo "2433"]
[BlackElo "2458"]

1.e4 c5 2.Nf3 e6 3.d4 cxd4 4.Nxd4 a6 5.Nc3 Qc7 6.g3 Bb4 7.Bd2 Nc6 8.Nb3 Nf6
9.Bg2 Be7 10.f4 d6 11.O-O b5 12.a3 Rb8 13.Kh1 Nd7 14.Ne2 O-O 15.Ned4 Nxd4
16.Nxd4 Bb7 17.f5 Bf6 18.fxe6 Bxd4 19.c3 Be5 20.exd7 Qxd7 21.Bf4 Qc7 22.Qb3 Bc8
23.Rf2 Be6 24.Qc2 a5 25.Qd2 Rfc8 26.h4 h6 27.Kh2 Qc5 28.Bh3 Bxh3 29.Kxh3 Re8
30.Raf1 Rb7 31.Qd5 Qxd5 32.exd5 Bxf4 33.Rxf4 Re5 34.Rf5 Rbe7 35.Rxe5 Rxe5
36.Rd1 Re2 37.b3 Ra2 38.c4 bxc4 39.bxc4 Rc2 40.Rb1 Rxc4 41.Rb6 Ra4 42.Rxd6 Rxa3
43.Ra6 a4 44.d6 Rd3 45.Rxa4 Rxd6 46.Ra8+ Kh7 47.h5  1/2-1/2

[Event "Sozina Open"]
[Site "Bar SCG"]
[Date "2006.03.26"]
[Round "9"]
[White "Mijovic,A"]
[Black "Bojovic,Z"]
[Result "1-0"]
[WhiteElo "2140"]
[BlackElo "2161"]

1.e4 c5 2.Nf3 e6 3.d4 cxd4 4.Nxd4 a6 5.Nc3 Qc7 6.Be2 Nf6 7.O-O Bb4 8.Qd3 O-O
9.Bg5 Nc6 10.Kh1 Bxc3 11.bxc3 Qe5 12.f4 Qxe4 13.Qg3 Qg6 14.Bd3 Ne4 15.Bxe4 Qxe4
16.f5 Nxd4 17.Bh6 Nxf5 18.Rxf5 g6 19.Rf4 Qd5 20.Bxf8 Kxf8 21.Raf1 f5 22.Qh4 e5
23.Qd8+ Kg7 24.Rxf5 gxf5 25.Qg5+ Kh8 26.Qf6+ Kg8 27.Qxf5 Qd6 28.Qf7+ Kh8
29.h4 b5 30.Qe8+ Kg7 31.Rf7+ Kh6 32.Qd8 Qd2 33.Qf6+ Kh5 34.Rxh7+ Kg4 35.Qf3+  1-0

[Event "TCh-BEL 2005-6"]
[Site "Belgium BEL"]
[Date "2006.03.26"]
[Round "11"]
[White "Decoster,F"]
[Black "Dambacher,M"]
[Result "0-1"]
[WhiteElo "2145"]
[BlackElo "2401"]

1.e4 c5 2.Nf3 e6 3.d4 cxd4 4.Nxd4 a6 5.Nc3 b5 6.Bd3 Qb6 7.Nb3 Qc7 8.O-O Nf6
9.Qe2 d6 10.Kh1 Be7 11.Bd2 Nc6 12.f4 Bb7 13.Rae1 g6 14.e5 dxe5 15.fxe5 Nd7
16.Bf4 O-O 17.Qg4 Ncxe5 18.Qg3 Bd6 19.Nd4 Qb6 20.Be4 Bxe4 21.Nxe4 Qxd4 22.c3 Qd3
23.Nxd6 Qxd6 24.Bxe5 Nxe5 25.Qxe5 Qxe5 26.Rxe5 Rfd8 27.Re2 Rd5 28.Kg1 Rad8
29.Rf4 Rd2 30.Kf2 Rxe2+ 31.Kxe2 f5 32.a4 Kf7 33.axb5 axb5 34.Rh4 h5 35.Rb4 Rd5
36.h4 Kf6 37.Rb3 f4 38.Kf3 Kf5 39.Ra3 e5 40.Ra8 e4+ 41.Ke2 Kg4 42.Rg8 Rd6
43.Rb8 f3+ 44.gxf3+ exf3+ 45.Ke3 Kg3 46.Rxb5 Re6+  0-1

[Event "ch-ARG s/f"]
[Site "Buenos Aires ARG"]
[Date "2006.03.26"]
[Round "7"]
[White "Obregon,A"]
[Black "Perelman,H"]
[Result "0-1"]
[WhiteElo "2313"]
[BlackElo "2148"]

1.e4 c5 2.Nf3 e6 3.d4 cxd4 4.Nxd4 a6 5.Nc3 Qc7 6.Be3 Bb4 7.Qd2 Nf6 8.f3 d5
9.exd5 Nxd5 10.Nde2 Nxe3 11.Qxe3 Nd7 12.O-O-O O-O 13.a3 Bc5 14.Qg5 Nf6 15.g4 b5
16.Qh4 Qe5 17.f4 Qe3+ 18.Kb1 Bb7 19.Rg1 Qf2 20.Qg3 Rad8 21.Bh3 Ne4 22.Qxf2 Nxf2
23.Rxd8 Rxd8 24.Rg3 Nxh3 25.Rxh3 Bc6 26.Kc1 a5 27.Rd3 Rxd3 28.cxd3 Be3+ 29.Kc2 Bf3
30.g5 b4 31.axb4 axb4 32.Nd1 Bb6 33.Kd2 Bc7 34.h4 h6 35.gxh6 g6 36.Ne3 Bxe2
37.Kxe2 Bxf4 38.Nc2 b3 39.Nd4 Bc1 40.Kf3 Kh7 41.Nxb3 Bxb2 42.Kg4 Kxh6 43.Nd2 f5+
44.Kh3 Bf6 45.Nb3 Be7 46.Nd4 e5 47.Ne6 Bf6 48.Nc5 Kg7 49.Na6 Kf7 50.Nc7 Bd8
51.Nd5 Ke6 52.Ne3 Bb6 53.Nc4 Bf2 54.Nd2 Kd5 55.Nf3 e4 56.dxe4+ fxe4 57.Nh2 e3
58.Kg2 Bxh4 59.Kf3 Kd4 60.Nf1 Bf2 61.Nh2 Bg1 62.Ng4 g5 63.Ke2 Ke4 64.Nf6+ Kf4
65.Nh5+ Kg4 66.Nf6+ Kg3 67.Nh5+ Kh3 68.Kd1 Kg4 69.Ng7 Kf3 70.Nf5 e2+ 71.Kd2 Bf2  0-1

[Event "TCh-CZE Extraliga 2005-6"]
[Site "Czech Rep CZE"]
[Date "2006.03.26"]
[Round "11"]
[White "Chytilek,R"]
[Black "Langner,L"]
[Result "0-1"]
[WhiteElo "2400"]
[BlackElo "2396"]

1.e4 c5 2.Nf3 e6 3.Nc3 a6 4.d4 cxd4 5.Nxd4 b5 6.Bd3 Bc5 7.Nb3 Ba7 8.O-O Nc6
9.Qg4 Qf6 10.Bg5 Qg6 11.Qh4 Ne5 12.Be2 Nf6 13.Kh1 Bb7 14.f3 Rc8 15.a3 O-O
16.Rad1 d5 17.Bxf6 gxf6 18.f4 Nc4 19.Bxc4 dxc4 20.Rd7 cxb3 21.Rxb7 Bd4 22.f5 Qg5
23.Qxg5+ fxg5 24.cxb3 Bxc3 25.bxc3 Rxc3 26.h3 Rxb3 27.fxe6 fxe6 28.Rc1 Rf7
29.Rb6 Rxa3 30.Rxe6 h5 31.Rc5 g4 32.hxg4 hxg4 33.Re8+ Rf8 34.Ree5 Rf7 35.Rg5+ Rg7
36.Kh2 g3+ 37.Kh3 Rxg5 38.Rxg5+ Kf7 39.Kg4 b4 40.Kf5 b3 41.Rh5 b2 42.Rh7+ Kg8
43.Rb7 Ra5+ 44.Kf6 Rb5 45.Rg7+ Kf8  0-1

[Event "ch-ARG s/f"]
[Site "Buenos Aires ARG"]
[Date "2006.03.27"]
[Round "8"]
[White "Della Morte,P"]
[Black "Triunfetti,C"]
[Result "1-0"]
[WhiteElo "2302"]
[BlackElo "2230"]

1.e4 c5 2.Nf3 e6 3.d4 cxd4 4.Nxd4 a6 5.Nc3 Qc7 6.Bd3 Nc6 7.Nxc6 bxc6 8.O-O d5
9.Qe2 Be7 10.b3 Nf6 11.Bb2 O-O 12.Na4 c5 13.e5 Nd7 14.c4 Bb7 15.cxd5 Bxd5
16.Rac1 Nb6 17.Nc3 Bb7 18.Ne4 Nd5 19.Qh5 g6 20.Qh6 Rfd8 21.Bc4 Bf8 22.Qh3 Kg7
23.f4 h6 24.f5 gxf5 25.Rxf5 Ne7 26.Rxf7+ Kxf7 27.Qxe6+ Kg7 28.Qf7+ Kh8 29.e6+ Rd4
30.Bd3 Bg7 31.Rxc5 Qd8 32.Rg5 Nf5 33.Rxg7 Nxg7 34.e7 Qd5 35.Qf6 Qe6 36.Bxd4 Qxf6
37.Nxf6 Bc6  1-0